000 02185nam a2200313Ia 4500
001 E2004
003 IT-RoPAU
008 130308s9999 xx 000 0 und d
040 _aIT-RoPAU
040 _cIT-RoPAU
041 _aFRANCESE
100 _aAA.VV.
100 _gCodice Aut. SPICS: 12000
245 _aMultimedia et le droit (Le): internet, off line, on line
245 _bMultimedia et le droit (Le): Internet, Off Line, On Line
250 _a1a ed.
260 _aPARIS
260 _bHermes
260 _c1996 [1° Ed.:1996 - Ed.Ling.Originale:1996]
300 _a"732 p. (prefazione: 36; testo: 696)"
500 _aMultimedia e Diritto: Internet, Off Line, On Line. Opera Multimedia: Architettura e Concetti. mercati e Attori del Multimedia. regime Generale delle Creazioni. Autore dell'Opera Multimedia. Realizzazione di un'opera Multimedia. Immagine, Suono e testo nell'opera Multimedia. protezione per Disegni Emodelli. banca Data Multimedia. scenario e software nell'opera Multimedia.Diritti degli Artisti e interpreti nell'opera Multimedia. Statuto dell'Opera Multimedia. internet e Autostrade dell'Informazione. protezione dei Personaggi e degli Elementi di Identificazione dell'Opera Multimedia. Multimedia di Rete e regolamentazione delle Telecomunicazioni. Produzione Audiovisiva. Contratto di Edizione di Opere Multimedia. Distribuzione di Opere Multimedia. utente di Opere Multimedia. manutenzione dei prodotti Multimediali. commercio Elettronico. tv numerica Interattiva. Teleinsegnamento. Telelavoro. Catalogo Elettronico. Telemedicina. Informazione e immagini Virtuali. Segnali Interattivi. Dischi Numerici. Deposito legale del Multimedia. Gestionedelle risorse Umane. legge Informatica, Libertà e Multimedia. Principi Generali dei Contratti. Responsabilità nella Diffusione di un prodotto Multimedia. Diritto D'Autore, di Stampa e Comunicazione. Finanziamento. Multimedia nel Contesto Comunitario e Internazionale. Allegati.
650 _aDIRITTO NELLA MULTIMEDIALITA'
650 _eCodice materia Spics: 4621
700 _aDemnard-Tellier Isabelle
700 _gCodice Aut. SPICS: 47503
942 _cBK
957 _71
999 _c90381
_d90381
999 _g1